|
|
|
|
| LEADER |
00000cam a2200000 4500 |
| 001 |
vtls012225711 |
| 003 |
SK-MaSNL |
| 005 |
20260302062939.0 |
| 008 |
230322s2022 xo o gr 000 0 slo |
| 015 |
|
|
|a SNBA2023/05
|
| 020 |
|
|
|a 9788089287093
|q (viazané)
|
| 040 |
|
|
|a SNK
|b slo
|c SNK
|e rda
|
| 041 |
1 |
|
|a slo
|a hun
|h slo
|
| 043 |
|
|
|a e-xo---
|
| 044 |
|
|
|a xo
|c SK
|
| 072 |
|
7 |
|a 069
|x Múzeá. Muzeológia. Múzejníctvo. Výstavy
|2 konspekt
|
| 072 |
|
7 |
|a 614.84
|x Požiare. Ochrana pred požiarmi
|2 konspekt
|
| 080 |
|
|
|a 069.9
|2 2011
|
| 080 |
|
|
|a 614.843/.847
|2 2011
|
| 080 |
|
|
|a 614.846.6
|2 2011
|
| 080 |
|
|
|a 614.842-051-027.556
|2 2011
|
| 080 |
|
|
|a 785.12.071
|2 2011
|
| 080 |
|
|
|a (437.612)
|2 2011
|
| 080 |
|
|
|a (084.12)
|2 2011
|
| 111 |
2 |
|
|a Takto hasili požiar naši predkovia (výstava)
|n (4 :
|d 2018 :
|c ŠAmorín Slovensko)
|4 aut
|9 723554
|
| 245 |
1 |
0 |
|a Takto hasili požiar naši predkovia
|b 4. ročník medzinárodnej výstavy
|c Lucia Barbara Izsófová, Ľudovít Ürge ; v texte spolupracoval: Adrián Lőrincz ; korektúra a preklad: Sándor Galina, Németh Takács Henrietta ; fotografie: Milan Dermek, Juraj Klátik, Mátyás Szinghoffer, Ondrej Szitás, Zoltán Szitás, Ilona Tóth
|
| 246 |
3 |
1 |
|a Így oltották a tüzet elődeink
|b nemzetközi kiállítás 4. évfolyama
|
| 264 |
|
1 |
|a [Šamorín]
|b Wanted design
|c 2022
|
| 300 |
|
|
|a 160 strán
|b farebné fotografie
|c 31 cm
|
| 336 |
|
|
|a text
|b txt
|2 rdacontent
|
| 336 |
|
|
|a statický obraz
|b sti
|2 rdacontent
|
| 337 |
|
|
|a bez média
|b n
|2 rdamedia
|
| 338 |
|
|
|a zväzok
|b nc
|2 rdacarrier
|
| 500 |
|
|
|a Pravdepodobne preložené zo slovenčiny
|
| 500 |
|
|
|a Miesto vydania podľa NA ISBN. Tiráž aj v maďarčine
|
| 546 |
|
|
|a Súbežný názov a text v maďarčine
|
| 610 |
2 |
7 |
|a Dobrovoľný hasičský zbor (Šamorín, Slovensko)
|2 SNKKA
|9 36272
|
| 610 |
2 |
7 |
|a Dychový orchester Dobrovoľného hasičského zboru (Šamorín, Slovensko)
|2 SNKKA
|9 232895
|
| 648 |
|
7 |
|a 2018
|2 SNKPH
|9 351415
|
| 650 |
0 |
7 |
|a výstavy
|2 SNKPH
|9 2780
|
| 650 |
0 |
7 |
|a požiarna technika
|2 SNKPH
|9 69222
|
| 650 |
0 |
7 |
|a požiarne vozidlá
|2 SNKPH
|9 51048
|
| 650 |
0 |
7 |
|a Exhibitions
|2 SNKPHeng
|9 268037
|
| 650 |
0 |
7 |
|a Fire technique
|2 SNKPHeng
|9 336533
|
| 650 |
0 |
7 |
|a Fire fighting vehicles
|2 SNKPHeng
|9 411516
|
| 650 |
0 |
7 |
|a Volunteer fire fighters
|2 SNKPHeng
|9 309178
|
| 650 |
0 |
7 |
|a Brass bands
|2 SNKPHeng
|9 315482
|
| 650 |
0 |
7 |
|a dobrovoľní hasiči
|2 SNKPH
|9 75564
|
| 650 |
0 |
7 |
|a dychové orchestre
|2 SNKPH
|9 72962
|
| 651 |
|
7 |
|a Šamorín (Slovensko)
|2 SNKPHgeo
|9 28925
|
| 651 |
|
7 |
|a Šamorín (Slovakia)
|2 SNKPHeng
|9 315775
|
| 655 |
|
7 |
|a fotografické publikácie
|2 SNKPH
|9 70483
|
| 655 |
|
7 |
|a Photographic publication
|2 SNKPHeng
|9 266858
|
| 700 |
1 |
|
|a Ürge, Ľudovít
|4 aut
|4 red
|4 oth
|9 377652
|
| 700 |
1 |
|
|a Lőrincz, Adrián
|4 clb
|9 723555
|
| 700 |
1 |
|
|a Galina, Sándor
|4 pfr
|4 trl
|9 458966
|
| 700 |
1 |
|
|a Németh Takács, Henrietta,
|d 1991-
|4 pfr
|4 trl
|9 510792
|
| 700 |
1 |
|
|a Dermek, Milan,
|d 1990-
|4 pht
|9 723556
|
| 700 |
1 |
|
|a Klátik, Juraj
|4 pht
|9 723557
|
| 700 |
1 |
|
|a Szinghoffer, Mátyás
|4 pht
|9 625424
|
| 700 |
1 |
|
|a Szitás, Ondrej
|4 pht
|9 723558
|
| 700 |
1 |
|
|a Szitás, Zoltán
|4 pht
|9 11194
|
| 700 |
1 |
|
|a Tóth, Ilona
|4 pht
|9 440710
|
| 700 |
1 |
|
|a Izsófová, Lucia Barbara
|4 aut
|4 red
|4 oth
|9 723559
|
| 852 |
|
|
|a Slovenská národná knižnica
|
| 919 |
|
|
|a 978-80-89287-09-3
|
| 954 |
|
|
|a obrazové publikácie zamerané na výtvarné umenie a fotografiu pôvodné (slovenské)
|2 lita
|
| 958 |
|
|
|a OP
|
| 968 |
|
|
|a Slo, mag
|b SLO
|
| 999 |
|
|
|c 1131021
|d 1132951
|
| 952 |
|
|
|a SNK
|b SNK
|y PREZ
|7 0
|p 17A1528422
|o snkSB 99064
|i snk2023/7001
|8 0
|0 0
|1 0
|4 0
|d 2023-05-02
|f 1
|l 0
|r 2025-05-22 00:00:00
|w 2026-02-24
|
| 952 |
|
|
|a SNK
|b SNK
|y VYP
|7 0
|p 17A1528423
|o snkSB 99064 D1
|i snk2023/7002
|8 0
|0 0
|1 0
|4 0
|d 2023-05-02
|l 0
|r 2026-02-24 19:01:31
|w 2026-02-24
|